00668nam a2200241 a 4500001001300000003000900013005001700022008004100039020001000080082001500090100002000105245003800125260003600163300000900199500003500208505001300243650002500256700002000281902000800301942000700309952009500316999001500411nice12345678IN_TiNIC20260116011524.0050524s1938 lona grp 000 0 eng  ac10000a231.7bPHE aPhelips, Vivian aConcerning Progressive Revelation aLondonbWatts and Companyc1938 a118p aincludes index and biblioraphy2 aAppendix aRevelation-Christian1 aPhelips, Vivian bSRS cBK 00104070aHMIbHMId2007-06-15g100.00l0o231.7 PHEp1388r2007-06-15w2026-01-16yARB c2284d2284